Statistics for Countries Visited by Christopher Columbus

Click here to take the quiz!

General Stats

  • This quiz has been taken 125 times
    (68 since last reset)
  • The average score is 12 of 15

Answer Stats

Country% Correct
Haiti
100%
Cuba
95%
Dominica
95%
Dominican Republic
94%
Bahamas
92%
Jamaica
88%
Antigua and Barbuda
85%
St. Kitts and Nevis
83%
Trinidad and Tobago
82%
Panama
74%
Venezuela
74%
Grenada
73%
Nicaragua
71%
Honduras
70%
Costa Rica
68%

Score Distribution

Percentile by Number Answered

Percent of People with Each Score

Your Score History

You have not taken this quiz since the last reset